[Event "IECG CP.2000.P.00087"]
[Site "IECG email"]
[Date "2000.10.01"]
[Round "?"]
[White "Benatar, Eric"]
[Black "Hollis, Peter"]
[Result "1-0"]
[WhiteElo "2052"]
[BlackElo "791"]
[PlyCount "57"]
[EventDate "2000.10.01"]
[EventType "tourn (corr)"]
[EventRounds "6"]
[EventCountry "FRA"]
[SourceTitle "Corr 2008"]
[Source "ChessBase"]
[SourceDate "2008.06.24"]
[SourceVersion "1"]
[SourceVersionDate "2008.06.24"]
[SourceQuality "1"]

1. e4 e5 2. Nf3 Nc6 3. Bb5 a6 4. Ba4 b5 5. Bb3 Nf6 6. 0-0 Bc5 7. Nxe5 Nxe5 8. d4 Bb7 9. dxc5 Nxe4 10. Bd5 Nxc5 11. Re1 d6 12. f4 c6 13. Bf3 f6 14. fxe5 fxe5 15. Be3 Ne6 16. Bg4 Qe7 17. Rf1 Rf8 18. Nc3 d5 19. Qd3 Rxf1+ 20. Rxf1 g6 21. b4 Rd8 22. Bxe6 Qxe6 23. Bc5 Kd7 24. Ne4 Kc8 25. Ng5 Qg4 26. Nf7 h5 27. Nxd8 Kxd8 28. Qe3 e4 29. Qc3 1-0

[Event "IECG CP.2000.P.00087"]
[Site "IECG email"]
[Date "2000.10.01"]
[Round "?"]
[White "Mano, Alexandre"]
[Black "Hollis, Peter"]
[Result "1-0"]
[WhiteElo "936"]
[BlackElo "791"]
[PlyCount "65"]
[EventDate "2000.10.01"]
[EventType "tourn (corr)"]
[EventRounds "6"]
[EventCountry "FRA"]
[SourceTitle "Corr 2008"]
[Source "ChessBase"]
[SourceDate "2008.06.24"]
[SourceVersion "1"]
[SourceVersionDate "2008.06.24"]
[SourceQuality "1"]

1. e4 g6 2. d4 Bg7 3. Nc3 d6 4. f4 Nf6 5. Nf3 0-0 6. Bd3 Bg4 7. 0-0 Nc6 8. e5 dxe5 9. dxe5 Nd5 10. h3 Nxc3 11. bxc3 Bd7 12. Be3 Qc8 13. Nd4 Rd8 14. Qd2 Nb8 15. f5 Bxe5 16. fxg6 hxg6 17. Qf2 Be6 18. Bf4 Bf6 19. Nxe6 Qxe6 20. Bxc7 Rc8 21. Rae1 Qxa2 22. Be5 Bxe5 23. Rxe5 Nc6 24. Re4 Qd5 25. Rf4 Ne5 26. Be4 Qd7 27. Rxf7 Rd8 28. Rf5 gxf5 29. Qg3+ Ng4 30. Bxf5 e6 31. Qxg4+ Qg7 32. Bxe6+ Kh8 33. Qh5+ 1-0

[Event "IECG CP.2000.P.00087"]
[Site "IECG email"]
[Date "2000.10.01"]
[Round "?"]
[White "Tokmachev, Vladimir"]
[Black "Hollis, Peter"]
[Result "1-0"]
[WhiteElo "1950"]
[BlackElo "791"]
[PlyCount "71"]
[EventDate "2000.10.01"]
[EventType "tourn (corr)"]
[EventRounds "6"]
[EventCountry "FRA"]
[SourceTitle "Corr 2008"]
[Source "ChessBase"]
[SourceDate "2008.06.24"]
[SourceVersion "1"]
[SourceVersionDate "2008.06.24"]
[SourceQuality "1"]

1. e4 g6 2. d4 Bg7 3. Nc3 d6 4. Be3 Nf6 5. f3 0-0 6. Qd2 a6 7. 0-0-0 b5 8. Bh6 b4 9. Nce2 Bxh6 10. Qxh6 Nc6 11. h4 e5 12. h5 Bd7 13. g4 Qe7 14. g5 Nxh5 15. Ng3 Nxd4 16. Nxh5 gxh5 17. Rxh5 f5 18. Bc4+ Ne6 19. g6 Qg7 20. Qxg7+ Kxg7 21. Rxh7+ Kxg6 22. Rxd7 Kf6 23. Bxe6 Kxe6 24. Rxc7 fxe4 25. fxe4 Rf6 26. c3 bxc3 27. Rxc3 a5 28. Ne2 Rg8 29. Rc7 Rff8 30. Nc3 Rc8 31. Rxc8 Rxc8 32. Rd5 Ra8 33. b3 Ra6 34. Kb2 Kf6 35. Nb5 Ke7 36. Ka3 1-0

[Event "IECG CN.2000.0.00200"]
[Site "IECG email"]
[Date "2000.07.03"]
[Round "?"]
[White "Drexhage, Ulrich"]
[Black "Hollis, Peter"]
[Result "0-1"]
[WhiteElo "810"]
[BlackElo "800"]
[PlyCount "50"]
[EventDate "2000.07.03"]
[EventType "tourn (corr)"]
[EventRounds "6"]
[SourceTitle "Corr 2008"]
[Source "ChessBase"]
[SourceDate "2008.06.24"]
[SourceVersion "1"]
[SourceVersionDate "2008.06.24"]
[SourceQuality "1"]

1. b4 e5 2. a3 a5 3. Bb2 d5 4. d4 exd4 5. Qxd4 axb4 6. axb4 Rxa1 7. Bxa1 Nc6 8. Qe3+ Be6 9. b5 Qa8 10. Bxg7 Bxg7 11. bxc6 Qa1 12. Qc1 bxc6 13. Nf3 Bc3+ 14. Nfd2 Bxd2+ 15. Kxd2 Nf6 16. f3 Rg8 17. e3 d4 18. g4 dxe3+ 19. Kxe3 Nd5+ 20. Kd2 Qd4+ 21. Ke1 Bxg4 22. Be2 Bxf3 23. Bxf3 Rg1+ 24. Rxg1 Qxg1+ 25. Kd2 Qe3+ 0-1

[Event "IECG QN.2000.0.00111"]
[Site "IECG email"]
[Date "2000.04.18"]
[Round "?"]
[White "Aguilar, Sebastian"]
[Black "Hollis, Peter"]
[Result "1-0"]
[WhiteElo "800"]
[BlackElo "800"]
[PlyCount "45"]
[EventDate "2000.04.18"]
[EventType "tourn (corr)"]
[EventRounds "6"]
[SourceTitle "Corr 2008"]
[Source "ChessBase"]
[SourceDate "2008.06.24"]
[SourceVersion "1"]
[SourceVersionDate "2008.06.24"]
[SourceQuality "1"]

1. d4 Nf6 2. Nf3 e6 3. e3 b6 4. c4 d6 5. Bd3 Bb7 6. 0-0 Nc6 7. Nc3 Qe7 8. Re1 0-0-0 9. e4 e5 10. d5 Nb4 11. a3 Nxd3 12. Qxd3 Nd7 13. b4 c5 14. dxc6 Bxc6 15. Nd5 Bxd5 16. exd5 Nf6 17. Bg5 h6 18. Bxf6 Qxf6 19. c5 dxc5 20. Nxe5 Kc7 21. Qa6 Ra8 22. Qa4 Qe7 23. Qc6+ 1-0

[Event "IECG QN.2000.0.00111"]
[Site "IECG email"]
[Date "2000.04.18"]
[Round "?"]
[White "Van Eck, Jaco"]
[Black "Hollis, Peter"]
[Result "0-1"]
[WhiteElo "800"]
[BlackElo "800"]
[PlyCount "32"]
[EventDate "2000.04.18"]
[EventType "tourn (corr)"]
[EventRounds "6"]
[SourceTitle "Corr 2008"]
[Source "ChessBase"]
[SourceDate "2008.06.24"]
[SourceVersion "1"]
[SourceVersionDate "2008.06.24"]
[SourceQuality "1"]

1. e4 g6 2. Bc4 Bg7 3. Qf3 Nh6 4. d4 d6 5. Bxh6 0-0 6. Bxg7 Kxg7 7. Ne2 Nc6 8. Nd2 Nb4 9. Qc3 Na6 10. 0-0 f6 11. Nf3 e5 12. Rad1 Bg4 13. dxe5 Bxf3 14. exf6+ Qxf6 15. Bxa6 Qxc3 16. bxc3 Bxe4 0-1

[Event "IECC KO email"]
[Site "IECC email"]
[Date "1998.11.15"]
[Round "1"]
[White "Cornacchini, Gabriele"]
[Black "Hollis, Peter"]
[Result "1/2-1/2"]
[WhiteElo "1525"]
[BlackElo "1132"]
[PlyCount "43"]
[EventDate "1998.??.??"]
[EventType "tourn (corr)"]
[EventRounds "6"]
[SourceTitle "Corr 2008"]
[Source "ChessBase"]
[SourceDate "2008.06.24"]
[SourceVersion "1"]
[SourceVersionDate "2008.06.24"]
[SourceQuality "1"]

1. e4 g6 2. d4 Bg7 3. c4 d6 4. Nc3 e5 5. Nf3 Bg4 6. d5 a5 7. Be2 Na6 8. 0-0 Ne7 9. a3 0-0 10. Rb1 c5 11. Be3 Bd7 12. Qd2 f5 13. Bg5 fxe4 14. Nxe4 Bf5 15. Bd3 Bxe4 16. Bxe4 Qe8 17. Qxa5 Nf5 18. Rfe1 Nd4 19. Nxd4 cxd4 20. Qd2 Nc5 21. Bc2 Rf7 22. b4 1/2-1/2

[Event "IECC M email"]
[Site "IECC email"]
[Date "1998.03.31"]
[Round "?"]
[White "Hollis, Peter"]
[Black "Orzechowski, Dariusz"]
[Result "0-1"]
[WhiteElo "1145"]
[BlackElo "1065"]
[PlyCount "42"]
[EventDate "1998.??.??"]
[EventType "tourn (corr)"]
[EventRounds "12"]
[SourceTitle "Corr 2008"]
[Source "ChessBase"]
[SourceDate "2008.06.24"]
[SourceVersion "1"]
[SourceVersionDate "2008.06.24"]
[SourceQuality "1"]

1. e4 e5 2. f4 exf4 3. Nf3 Nf6 4. e5 Nh5 5. Qe2 Be7 6. d4 0-0 7. g4 fxg3 8. Nc3 d5 9. Qg2 Bh4 10. hxg3 Bxg3+ 11. Kd1 Bg4 12. Rxh5 Bxh5 13. Qxg3 f6 14. Bh6 Bxf3+ 15. Ke1 Rf7 16. e6 Re7 17. Be2 Bxe2 18. Nxe2 Qd6 19. Nf4 Qb4+ 20. c3 Qxb2 21. Rd1 Qxa2 0-1